Monument preservation in Hungary with special regard to the role of the state and that of local municipalities. Műemlékvédelem Magyarországon, különös tekintettel az állam és az önkormányzatok szerepére

Bibliográfiai részletek
Szerző: Czuczor Zsuzsanna
További közreműködők: Nincs adat Nincs adat
Dokumentumtípus: Diplomadolgozat
Kulcsszavak:Műemlékvédelem
Önkormányzat
Kulturális örökségek
Online Access:http://dolgozattar.uni-bge.hu/30292

MARC

LEADER 00000nta a2200000 i 4500
001 dolg30292
005 20210325131758.0
008 210325suuuu hu om 000 eng d
040 |a BGE Dolgozattár Repozitórium  |b hun 
041 |a en 
100 1 |a Czuczor Zsuzsanna 
245 1 0 |a Monument preservation in Hungary with special regard to the role of the state and that of local municipalities. Műemlékvédelem Magyarországon, különös tekintettel az állam és az önkormányzatok szerepére  |c Czuczor Zsuzsanna  |h [elektronikus dokumentum] 
695 |a Műemlékvédelem 
695 |a Önkormányzat 
695 |a Kulturális örökségek 
700 1 |a Nincs adat Nincs adat  |e ths 
856 4 0 |u http://dolgozattar.uni-bge.hu/30292/1/D_12322.pdf  |z Dokumentum-elérés